LEADER 01358nam 2200385 450 001 000008175 005 20070503173200.0 100 $a20010430d1964----km-y0itay0103----ba 101 0 $aita 102 $aIT 200 1 $a<> popoli delle steppe$enascita e sfondo sociale dello stile animalistico euroasiatico$fKarl Jettmar$gtraduzione di Adriana Garbrecht 200 1 $a1 $n0002836 210 $aMilano$c<> Saggiatore$d1964 215 $a301 p.$cill., 54 tav. color.$d23 cm. 225 1 $a<> Marcopolo 676 $a709.5$v(20. ed.)$9Arte orientale 700 1$aJettmar,$bKarl,$0209907 702 1$aGarbrecht,$bArianna, 801 0$aIT$bUniversità della Basilicata - B.I.A.$gRICA$2unimarc 912 $a000008175 996 $aPopoli delle steppe$975300 997 $aUNIBAS BAS $aMONLET BAS $aMONOGR BAS $aLETTERE CAT $aDILEO$b20$c20010430$lBAS01$h1029 CAT $aDILEO$b20$c20010430$lBAS01$h1511 CAT $c20050601$lBAS01$h1754 CAT $abatch$b01$c20050718$lBAS01$h1049 CAT $c20050718$lBAS01$h1109 CAT $c20050718$lBAS01$h1139 CAT $c20050718$lBAS01$h1153 CAT $aBATCH$b00$c20070503$lBAS01$h1732 FMT Z30 -1$lBAS01$LBAS01$mBOOK$1BASA1$APolo Storico-Umanistico$2DSLA$BCollezione DiSSLA$3DD/4984$64984$5D4984$820010430$f04$FPrestabile Didattica LEADER 03828nam 2200805Ia 450 001 9910450358703321 005 20200520144314.0 010 $a1-282-77189-2 010 $a9786612771897 010 $a1-4237-1491-1 010 $a0-520-93896-8 010 $a1-59875-523-4 024 7 $a10.1525/9780520938960 035 $a(CKB)1000000000030793 035 $a(EBL)231907 035 $a(OCoLC)475938149 035 $a(SSID)ssj0000124264 035 $a(PQKBManifestationID)11936814 035 $a(PQKBTitleCode)TC0000124264 035 $a(PQKBWorkID)10023198 035 $a(PQKB)10561061 035 $a(StDuBDS)EDZ0000056062 035 $a(MiAaPQ)EBC231907 035 $a(OCoLC)60931276 035 $a(MdBmJHUP)muse30561 035 $a(DE-B1597)518867 035 $a(DE-B1597)9780520938960 035 $a(Au-PeEL)EBL231907 035 $a(CaPaEBR)ebr10082405 035 $a(CaONFJC)MIL277189 035 $a(EXLCZ)991000000000030793 100 $a20040928d2005 uy 0 101 0 $aeng 135 $aur||#|||||||| 181 $ctxt 182 $cc 183 $acr 200 10$aCoffins on our shoulders$b[electronic resource] $ethe experience of the Palestinian citizens of Israel /$fDan Rabinowitz, Khawla Abu-Baker 210 $aBerkeley $cUniversity of California Press$d2005 215 $a1 online resource (235 p.) 300 $aDescription based upon print version of record. 311 $a0-520-24557-1 311 $a0-520-24441-9 320 $aIncludes bibliographical references (p. ) and index. 327 $tFront matter --$tContents --$tPreface --$tIntroduction --$tChapter One --$tChapter Two --$tChapter Three --$tChapter Four --$tChapter Five --$tChapter Six --$tNotes --$tReferences --$tAbout the Authors --$tIndex 330 $aThis highly original historical and political analysis of the Arab-Israeli conflict combines the unique perspectives of two prominent segments of the Middle Eastern puzzle: Israeli Jews and the Palestinian citizens of Israel. Written jointly by an Israeli anthropologist and a Palestinian family therapist born weeks apart to two families from Haifa, Coffins on Our Shoulders merges the personal and the political as it explores the various stages of the conflict, from the 1920's to the present. The authors weave vivid accounts and vignettes of family history into a sophisticated multidisciplinary analysis of the political drama that continues to unfold in the Middle East. Offering an authoritative inquiry into the traumatic events of October 2000, when thirteen Palestinian citizens of Israel were killed by Israeli police during political demonstrations, the book culminates in a radical and thought-provoking blueprint for reform that few in Israel, in the Arab world, and in the West can afford to ignore. 606 $aPalestinian Arabs$zIsrael 606 $aPalestinian Arabs$zIsrael$xSocial conditions 606 $aPalestinian Arabs$xLegal status, laws, etc$zIsrael 606 $aPalestinian Arabs$zIsrael$xPolitics and government 606 $aArab-Israeli conflict$xInfluence 606 $aSocial integration$zIsrael 607 $aIsrael$xEthnic relations 608 $aElectronic books. 615 0$aPalestinian Arabs 615 0$aPalestinian Arabs$xSocial conditions. 615 0$aPalestinian Arabs$xLegal status, laws, etc. 615 0$aPalestinian Arabs$xPolitics and government. 615 0$aArab-Israeli conflict$xInfluence. 615 0$aSocial integration 676 $a305.892/7405694/090511 700 $aRabinowitz$b Dan$f1954-$01035577 701 $aAbu Baker$b Khawla$01035578 801 0$bMiAaPQ 801 1$bMiAaPQ 801 2$bMiAaPQ 906 $aBOOK 912 $a9910450358703321 996 $aCoffins on our shoulders$92455341 997 $aUNINA LEADER 05369nam 2200649 450 001 9910139593203321 005 20200603070802.0 010 $a3-527-63549-1 010 $a3-527-63548-3 010 $a1-283-28327-1 010 $a9786613283276 010 $a3-527-63550-5 035 $a(CKB)2550000000054373 035 $a(EBL)693855 035 $a(OCoLC)761314386 035 $a(SSID)ssj0000649504 035 $a(PQKBManifestationID)12263319 035 $a(PQKBTitleCode)TC0000649504 035 $a(PQKBWorkID)10608513 035 $a(PQKB)11490544 035 $a(MiAaPQ)EBC693855 035 $a(EXLCZ)992550000000054373 100 $a20110901d2011 uy 0 101 0 $aeng 135 $aur|n|---||||| 181 $ctxt 182 $cc 183 $acr 200 00$aPrevention of fetal alcohol spectrum disorder FASD $ewho is responsible? /$fedited by Sterling Clarren, Amy Salmon, and Egon Jonsson 210 1$aWeinheim, Germany :$cWiley-Blackwell,$dc2011. 215 $a1 online resource (386 p.) 225 1 $aHealth care and disease management,$x1864-9947 300 $aDescription based upon print version of record. 311 $a3-527-32997-8 320 $aIncludes bibliographical references and index. 327 $aPrevention of Fetal Alcohol Spectrum Disorder FASD: Who is responsible?; Contents; Preface; List of Contributors; 1: Introduction; 1.1 The Content of This Book; 1.2 What is FASD ?; 1.3 How Common is FASD?; 1.4 What is the Economic Burden of FASD?; 1.4.1 Annual Cost Per Person with FASD; 1.4.2 Comparing Costs; 1.4.3 Cost of Prevention versus Cost of Inaction; 1.5 Approaches to FASD Prevention; 1.5.1 Universal Prevention; 1.5.2 Screening for Prenatal Alcohol Exposure in Obstetric Settings; 1.5.2.1 Meconium Testing; 1.5.2.2 Maternal Self-Reporting; 1.5.3 Selective Prevention 327 $a1.5.4 Indicated Prevention1.6 FASD Prevention in A boriginal Communities; 1.7 Main obstacles to Preventing FASD; 1.8 Challenges in Measuring Effectiveness of FASD Prevention Initiatives; 1.9 Who is Responsible for the Prevention of FASD?; References; 2: An Overview of Systematic Reviews on the Prevention, Diagnosis, and Treatment of Fetal Alcohol Spectrum Disorder; 2.1 Introduction; 2.2 Objective and Scope; 2.3 Methodological Approach; 2.3.1 Elements of Assessment; 2.4 Results; 2.4.1 Search Results; 2.4.1.1 Characteristics of Systematic Reviews Included in the Overview 327 $a2.4.2 Systematic Reviews on Prevention of FASD and Prenatal Alcohol Use2.4.2.1 General Characteristics; 2.4.2.2 Methodological Characteristics of Systematic Reviews on Prevention of FASD and Prenatal Alcohol Use; 2.4.3 Methodological Quality of Systematic Reviews on Prevention of FASD and Prenatal Alcohol Use; 2.4.3.1 Characteristics of the Evidence Presented in the Systematic Reviews on Prevention Approaches to FASD and Prenatal Alcohol Use; 2.4.3.2 Qualitative Synthesis of the Evidence on the Effectiveness of Prevention Approaches to FASD and Prenatal Alcohol Use 327 $a2.4.3.3 Highlights of the Overall Results2.4.4 Systematic Reviews on the Diagnosis of FASD; 2.4.4.1 General Characteristics; 2.4.4.2 Methodological Characteristics of the Systematic Review on Diagnosis of FASD; 2.4.4.3 Methodological Quality of Systematic Reviews on Diagnosis of FASD; 2.4.4.4 Characteristics of the Evidence Presented in the Systematic Review on the Effectiveness of Diagnostic Approaches to FASD; 2.4.4.5 Qualitative Synthesis of the Evidence on the Effectiveness of Diagnostic Approaches to FASD; 2.4.4.6 Highlights of the Overall Results 327 $a2.4.5 Systematic Reviews on the Treatment of FASD2.4.5.1 General Characteristics; 2.4.5.2 Methodological Characteristics of Systematic Reviews on Therapeutic Approaches to FASD; 2.4.5.3 Methodological Quality of Systematic Reviews on Therapeutic Approaches to FASD; 2.4.5.4 Characteristics of the Evidence Presented in the Systematic Reviews on Therapeutic Approaches to FASD; 2.4.5.5 Qualitative Synthesis of the Evidence on the Effectiveness of Therapeutic Approaches to FASD; 2.4.5.6 Highlights of the Overall Results; 2.5 Discussion; 2.5.1 FASD Prevention; 2.5.2 FASD Diagnosis 327 $a2.5.3 FASD Treatment 330 $aExposing a developing embryo or fetus to alcohol can produce life long brain damage with neurological, cognitive and behavioural consequences. The implications of fetal alcohol spectrum disorder for the affected individual and the family are devastating. The social and economic burden to society is enormous with formidable expenditures in health care, mental health care, education, social services and possibly correctional services. Prevention has been a goal since the condition was medically described and defined forty years ago, but has remained elusive but feasible. This book reviews the ev 410 0$aHealth care and disease management. 606 $aFetal alcohol syndrome$xPrevention 608 $aElectronic books. 615 0$aFetal alcohol syndrome$xPrevention. 676 $a618.3268 702 $aClarren$b Sterling 702 $aSalmon$b Amy 702 $aJonsson$b Egon 801 0$bMiAaPQ 801 1$bMiAaPQ 801 2$bMiAaPQ 906 $aBOOK 912 $a9910139593203321 996 $aPrevention of fetal alcohol spectrum disorder FASD$92072034 997 $aUNINA